000 00413nam a2200145Ia 4500
003 OSt
005 20260401085137.0
008 211028s2011 xx 000 0 und d
040 _cAIMIT LIBRARY
041 _aeng
100 _aAshish B;Madla, Girish.
_g916084
_96845
245 _aTo increase the revenue of the Pilikula biological park Pilikula /
260 _aPilikula
_bMadla, Girish
_c2011
942 _2ddc
_cPRO
999 _c218415
_d218415